Studi in onore di Umberto Belviso Volumen III

Detalles Bibliográficos
Formato: eBook
Lenguaje:italiano
Publicado: Bari : Cacucci Editore, 2011
Materias:
Acceso en línea:http://www. vlex.com/source/6795

MARC

LEADER 00000nam a22000007a 4500
005 20130215115050.0
007 cr|||| ||||
008 130215e2011 it |||||s|||| 00| 0 ita d
020 |a 8866110469 
035 |a 6795 
040 |a vLex 
090 |c 3653  |d 3653 
245 0 0 |a Studi in onore di Umberto Belviso  |b Volumen III  |h [Recurso electrn̤ico]  
256 |a Servicio en ln̕ea 
260 |a Bari :  |b Cacucci Editore,   |c 2011  
300 |a 1 Recurso electrn̤ico 
650 0 4 |a Procedimiento civil  |z Italia 
650 0 4 |a Derecho fiscal  |z Italia 
650 0 4 |a Doctrina social de la Iglesia 
740 |a vLex Libros (Servicio en ln̕ea) 
856 |a Acceso restringido  |u http://www. vlex.com/source/6795 
942 |c BOOK 
999 0 |a Law